Vista normal
Vista MARC
Entrada Uniform Title
Número de registros utilizados en: 3
001 - CONTROL NUMBER
- control field: 52
003 - CONTROL NUMBER IDENTIFIER
- control field: OSt
005 - DATE AND TIME OF LATEST TRANSACTION
- control field: 20230304133711.0
008 - FIXED-LENGTH DATA ELEMENTS
- fixed length control field: 230304|| aca||aabn | a|a d
040 ## - CATALOGING SOURCE
- Original cataloging agency: OSt
- Transcribing agency: OSt
130 ## - HEADING--UNIFORM TITLE
- Uniform title: Colección de Fortalecimiento 2011
- Language of a work: Colección de Fortalecimiento del Ministerio de Cultura, Plan Nacional de Lectura y Escritura Leer es mi Cuento, Fortalecimiento 2011
670 ## - SOURCE DATA FOUND
- Source citation: Work cat.: (OSt)2185: Gutiérrez, Fernando 48, Internet como herramienta para la investigación